| 000 | 00358nam a22000977a 4500 | ||
|---|---|---|---|
| 008 | 140422b xxu||||| |||| 00| 0 eng d | ||
| 020 |
_a978527318520 _cAvailable |
||
| 050 |
_a615.1078MAN _b002308 |
||
| 245 |
_aMolecular Descriptors for Chemoinformatics Volume : II Appendics,Bibliography _cMannhold.R _hEnglish |
||
| 260 |
_aGermany _bWiley-Vch Verlag GmbH & Co KGaA _c2009 |
||
| 999 |
_c23842 _d23842 |
||